| 000 | 00388nam a2200145Ia 4500 | ||
|---|---|---|---|
| 008 | 230411s9999 xx 000 0 und d | ||
| 020 | _a0-7279-0766-2 | ||
| 041 | _aeng | ||
| 082 | _aOP/610.73677/KHA/ELK/B02016 | ||
| 100 |
_aKhaw P T & Elkington A _9177178 |
||
| 245 | _aABC of Eyes | ||
| 260 |
_bBMJ Publishing Group _aLondon _c1994 |
||
| 300 | _a59p | ||
| 999 |
_c153249 _d153249 |
||